The Face of China as seen by photographers & travelers, 1860-1912 / (Record no. 1049)

MARC details
000 -LEADER
fixed length control field 00984cam a2200289 i 4500
005 - DATE AND TIME OF LATEST TRANSACTION
control field 20260322212044.0
008 - FIXED-LENGTH DATA ELEMENTS--GENERAL INFORMATION
fixed length control field data
010 ## - LIBRARY OF CONGRESS CONTROL NUMBER
LC control number 78053932
020 ## - INTERNATIONAL STANDARD BOOK NUMBER
International Standard Book Number 0893810290 :
Terms of availability {dollar}25.00
020 ## - INTERNATIONAL STANDARD BOOK NUMBER
International Standard Book Number 0893810320 museum ed.
020 ## - INTERNATIONAL STANDARD BOOK NUMBER
International Standard Book Number 9780893810290 :
Terms of availability {dollar}25.00
020 ## - INTERNATIONAL STANDARD BOOK NUMBER
International Standard Book Number 9780893810320 museum ed.
040 ## - CATALOGING SOURCE
Original cataloging agency DLC
Transcribing agency DLC
Modifying agency DLC
043 ## - GEOGRAPHIC AREA CODE
Geographic area code a-cc---
050 00 - LIBRARY OF CONGRESS CALL NUMBER
Classification number DS761
Item number .F28
082 00 - DEWEY DECIMAL CLASSIFICATION NUMBER
Classification number 951/.03/07414811
092 ## - LOCALLY ASSIGNED DEWEY CALL NUMBER (OCLC)
Classification number 951 F28 1978
001 - CONTROL NUMBER
control field data
245 14 - TITLE STATEMENT
Title The Face of China as seen by photographers & travelers, 1860-1912 /
Statement of responsibility, etc. Nigel Cameron & Philadelphia Museum of Art.
260 ## - PUBLICATION, DISTRIBUTION, ETC.
Place of publication, distribution, etc. Millerton, N.Y. :
Name of publisher, distributor, etc. Aperture,
Date of publication, distribution, etc. c1978.
300 ## - PHYSICAL DESCRIPTION
Extent 159 p. :
Other physical details ill. ;
Dimensions 24 x 30 cm.
500 ## - GENERAL NOTE
General note Exhibition presented by the Philadelphia Museum of Art, Apr. 15-June 25, 1978, and others.
590 ## - LOCAL NOTE (RLIN)
Local note In English.
651 #0 - SUBJECT ADDED ENTRY--GEOGRAPHIC NAME
Geographic name China
General subdivision Exhibitions.
Chronological subdivision 1861-1912
General subdivision Pictorial works
-- Exhibitions.
700 1# - ADDED ENTRY--PERSONAL NAME
Personal name Cameron, Nigel,
Dates associated with a name 1911-
710 2# - ADDED ENTRY--CORPORATE NAME
Corporate name or jurisdiction name as entry element Philadelphia Museum of Art.
Holdings
Withdrawn status Lost status Damaged status Not for loan Home library Current library Shelving location Date acquired Total checkouts Full call number Barcode Date last seen Price effective from Koha item type
        Franklin Franklin General stacks 22/03/2026   951/.03/07414811 BC0011083 22/03/2026 22/03/2026 Books